Statistics for Video Games Named for People

Click here to take the quiz!

General Stats

  • This quiz has been taken 11 times
  • The average score is 6 of 10

Answer Stats

Game/FranchisePerson% Correct
Punch-Out!Mike Tyson
100%
Pro SkaterTony Hawk
100%
Football/NFLJohn Madden
90%
PGA TourTiger Woods
80%
Rainbow Six/Ghost ReconTom Clancy
70%
3D HockeyWayne Gretzky
60%
Adventures/Stuntmaster/Action Kung-FuJackie Chan
40%
Snowboarding/Snowboarding: World StageShaun White
20%
International CricketBrian Lara
0%
Freestyle BMXDave Mirra
0%

Score Distribution

Percentile by Number Answered

Percent of People with Each Score

Your Score History

You have not taken this quiz